| 000 | 00778nam a2200253Ia 4500 | ||
|---|---|---|---|
| 999 |
_c55504 _d55504 |
||
| 001 | 22586 | ||
| 003 | GE_BSU | ||
| 005 | 20230331114247.0 | ||
| 008 | 181216s ||||-ge|||||||||||||| ||ger|| | ||
| 020 | _a9783193019011 | ||
| 040 | _cGE_BSU | ||
| 041 | _agre | ||
| 080 | _a811.112.1 E-93 | ||
| 100 |
_aEvans, Sandra _917390 |
||
| 245 |
_aMenschen A1.1 : _b Deutsch als Fremdsprache Kursbuch / _cSandra Evans, Angela Pude, Franz Specht. |
||
| 264 |
_aMunchen : _bHueber Verlag, _c2012. |
||
| 300 |
_a104 p. : _bill ; _c29 cm. _e+1DVD-Rom A1.1 |
||
| 541 | _h32gel. | ||
| 653 | _aMenschen A1.1 Deutsch als Fremdsprache Kursbuch | ||
| 653 | _aგერმანული ენა | ||
| 700 |
_aPude, Angela _eby _917397 |
||
| 700 |
_aSpecht, Franz _eby _917378 |
||
| 942 |
_cBK _2udc |
||